| 000 | 00788nam a2200229Ii 4500 | ||
|---|---|---|---|
| 003 | JO-AjNU | ||
| 008 | 230605s9999||||xx |||||||||||||| ||und|| | ||
| 017 | _a2009/6/2724 | ||
| 020 | _a978-9957-452-95-7 | ||
| 040 |
_aJO-AjNU _bara _erda _cJO-AjNU |
||
| 041 | _aara | ||
| 050 | 1 | 4 | _aHF5686 .C8. H33 2010 |
| 100 | 3 |
_aالحدرب، زهير /م.مشارك: لؤي وديان, _eauthor _928722 |
|
| 245 | 0 | 0 | _a محاسبة التكاليف |
| 250 | _aط1 | ||
| 264 | 3 | 1 | _aعمان: دار البداية ناشرون وموزعون، 2010 |
| 300 |
_a212ص _bيحتوي على ببلوغرافية من ص209-212ص |
||
| 336 |
_atext _btxt _2rdacontent |
||
| 337 |
_aunmediated _bn _2rdamedia |
||
| 338 |
_avolume _bnc _2rdacarrier |
||
| 650 | 4 |
_aمحاسبة التكاليف _928723 |
|
| 999 |
_aA11175 _c14743 _d14743 |
||